Les dessins animés via des éléments de leur générique - Statistiques

Statistiques générales
  • Ce quiz a été pris 2 632 fois
  • Le résultat moyen est 13 sur 30
Statistiques - réponses
Hint Réponse % Correct
"Attrapez les tous" Pokemon
96%
"Qui vit dans un ananas dans la mer ?" Bob l'Eponge
89%
"Houba ! Houba !" Le Marsupilami
88%
"Pas de panique à bord, le fun et la vitesse d'abord !" Les Ratz
86%
"Et là, qui voila ?" Inspecteur Gadget
81%
"Enfant du Soleil, tu parcours la Terre et le ciel" Les mysterieuses cites d'or
78%
"C'est l'Amérique !" Tom Sawyer
74%
"La vie, la vie, la vie, la vie !" Il etait une fois la vie
71%
"Quatre tortues d'Enfer dans la ville" Les tortues ninjas
71%
"Il sait compter deux par deux et lacer ses chaussures" Franklin
69%
"C'est l'heure du duel !" Yu Gi Oh
64%
"Tu n'es pas de notre galaxy" Capitaine Flam
60%
"Dee-Dee, SORS DE MON LABORATOIRE !" Le Laboratoire de Dexter
51%
"Coup de foudre sur un match de volley ball" Jeanne et Serge
50%
"Ils sont venus pour gagner !" Olive et Tom
43%
"Comme ils sont délicieux quand ils ferment les yeux !" Tomtom et Nana
39%
"Petit monstre, tu es le champion" Digimon
33%
"Avec toi on ne s'ennuie jamais !" Martin matin
31%
"Du sucre ! Des épices ! Et des tas de bonnes choses !" Les Super Nanas
29%
"Adolescence, mieux vaut ne pas en parler !" Sourire d'Enfer
24%
"Et Darwin, qui nous a adopté" La famille Delajungle
19%
"La même chose que chaque nuit, tenter de conquérir le monde !" Minus et Cortex
19%
"Tu viens à l'aide de tous tes amis" Princesse Sarah
15%
"Avec Billentête ? Surement pas !" Le bus magique
13%
"Ca va faire mal, ça va cogner, la bagarre !" Asterix et Obelix
12%
"Quand il y a du mystère dans l'air..." Titi et Grosminet mènent l'enquête
8%
"Saaaaaalut, nounou !" Les Animaniacs
6%
"Sorcières et dragons n'ont qu'à bien se tenir !" Pepin Trois Pommes
6%
"Il y avait des Toulesjours, des pirates tout autour" Robinson Sucroe
3%
"Dès que le sommeil est venu vous chercher" Les Babalous
1%
Aucun quiz correspondant
Distribution des résultats
% des personnes avec chaque résultat
Percentile par nombre de réponses
Votre historique - résultats
Vous n’avez pas pris ce quiz